Ariana Grande - Paroles Dangerous Woman - Statistiques

Statistiques générales
  • Ce quiz a été pris 155 fois
  • Le résultat moyen est 267 sur 343
Statistiques - réponses
Hint Réponse % Correct
I
97%
danger
96%
feel
96%
like
96%
Intro Oh,
96%
oh
96%
you
96%
You
96%
(you
96%
you,
96%
a
95%
dangerous
95%
me
95%
woman
95%
'bout
94%
'bout,
94%
'bout)
94%
'bout,,
94%
do
94%
Makes
94%
Refrain Somethin'
94%
somethin'
94%
(somethin'
94%
to
93%
my
89%
that
89%
Couplet 1 Don't
88%
God
84%
thing
84%
skin
83%
skin,
83%
need
82%
wanna
81%
shouldn't
80%
limits
79%
boy
78%
boy)
78%
got,
76%
permission
76%
test
76%
Post-refrain | Pré-refrain All
75%
yeah
74%
Outro (Yeah,
74%
things
73%
stop,
72%
it
71%
The
70%
be
69%
I'm
69%
'Cause
68%
'cause
68%
decision
68%
no
68%
it's
65%
Know
64%
know
64%
of
58%
feeling
57%
for
57%
is
57%
what
57%
witness
57%
how
55%
inside
55%
inside,
55%
Made
55%
moment
55%
this
55%
up
53%
business
52%
control
51%
girls
51%
live
51%
Us
51%
Bad
50%
hold
50%
kind
49%
taste
48%
only
47%
doing
46%
giver,
45%
later
45%
mind
45%
nature
45%
save
45%
taker
45%
and
44%
Completely
44%
finished
44%
open
43%
focused,
42%
Start
42%
Taking
42%
underneath,
42%
underneath
42%
flavor,
38%
new
37%
way
37%
movin'
36%
Couplet 2 Nothin'
36%
we're
36%
introducing
35%
prove
35%
as
34%
loaded
32%
locked
32%
bulletproof
31%
there's
28%
savor,
24%
baby)
20%
Aucun quiz correspondant
Distribution des résultats
% des personnes avec chaque résultat
Percentile par nombre de réponses
Votre historique - résultats
Vous n’avez pas pris ce quiz